On being a machine

Αποθηκεύτηκε σε:
Λεπτομέρειες βιβλιογραφικής εγγραφής
Κύριος συγγραφέας: Narayanan, Ajit 1952-
Μορφή: Βιβλίο
Γλώσσα:English
Δημοσίευση: Chichester, West Sussex, England : New York : E. Horwood ; , Halsted Press, 1988
Σειρά:Ellis Horwood series in artificial intelligence foundations and concepts
Θέματα:
Ετικέτες: Προσθήκη ετικέτας
Δεν υπάρχουν, Καταχωρήστε ετικέτα πρώτοι!

MARC

LEADER 00000cam a2200000 i 4500
001 1/54774
008 941103m1988 eng d
020 |a 013633850X 
035 |a 1990  |c ΔΑΡΖΕΝΤΑΣ  |l 10045092 
040 |a GR-MY-UA  |b gre  |e aacr 
041 0 |a eng 
082 0 |a 006.3 
100 1 |a Narayanan, Ajit  |d 1952- 
245 1 0 |a On being a machine /  |c Ajit Narayanan 
260 |a Chichester, West Sussex, England :   |a New York :   |b E. Horwood ; ,   |b Halsted Press,   |c 1988 
300 |a 200 p.;  |b ill.;  |c 25 cm. 
490 1 |a Ellis Horwood series in artificial intelligence foundations and concepts 
500 |a Includes bibliographies and index 
505 0 |a v.1. Formal aspects of artificial intelligence 
650 0 0 |a Artificial intelligence. 
650 0 0 |a Machine learning. 
650 0 0 |a Expert systems (Computer science) 
740 0 2 |a Formal aspects of artificial intelligence 
830 0 |a Ellis Horwood series in artificial intelligence foundations and concepts 
852 |a INST  |b SAMOS  |e 19941103  |h 006.3 NAR  |p 005300005762  |q 005300005762  |t BK  |y 0 
909 |a Σ  |b 018951